|
|
|
|
| LEADER |
00000nam a2200000 4500 |
| 001 |
RU/URAIT/543739 |
| 003 |
https://urait.ru/bcode/543739 |
| 005 |
20250827050525.1 |
| 010 |
|
|
|a 978-5-534-13315-8
|d 1149.00
|
| 073 |
|
1 |
|a 9785534133158
|d 1149.00
|
| 100 |
|
|
|a 20201119d2024 km y0rusy50 ca
|
| 101 |
0 |
|
|a rus
|
| 102 |
|
|
|a RU
|
| 105 |
|
|
|a y j 000yy
|
| 106 |
|
|
|a s
|
| 200 |
1 |
|
|a Огненный ангел
|e -
|f В. Я. Брюсов.
|
| 210 |
|
|
|a Москва
|c Юрайт
|d 2024
|
| 215 |
|
|
|a 281 с
|
| 225 |
1 |
|
|a Памятники литературы
|
| 230 |
|
|
|a Электрон. дан.
|
| 300 |
|
|
|a URL: https://urait.ru/bcode/543739 (дата обращения: 27.08.2025).
|
| 330 |
|
|
|a Первый роман одного из основоположников русского символизма Валерия Яковлевича Брюсова, в котором он под маской повести о приключениях немецкого солдата в исторически и психологически точно выписанной Германии XVI века сокрыл личные переживания и непростые отношения с писательницей Ниной Ивановной Петровской, которой роман и был посвящен. Для широкого круга читателей.
|
| 337 |
|
|
|a Режим доступа: Электронно-библиотечная система Юрайт, для авториз. пользователей
|
| 610 |
2 |
|
|a Русская художественная литература
|
| 610 |
2 |
|
|a Языки и литература
|
| 610 |
2 |
|
|a История отечественной литературы
|
| 610 |
2 |
|
|a История русской литературы
|
| 610 |
2 |
|
|a История русской/родной литературы
|
| 610 |
2 |
|
|a Литература Серебряного века
|
| 675 |
|
|
|a 8231
|
| 686 |
|
|
|a 84-44
|2 rubbk
|
| 700 |
|
1 |
|a Брюсов
|b В. Я.
|g Валерий Яковлевич
|
| 801 |
|
0 |
|a RU
|b ИКО Юрайт
|c 20201119
|g RCR
|2 rusmarc
|
| 801 |
|
1 |
|a RU
|b ИКО Юрайт
|c 20201119
|g RCR
|2 rusmarc
|
| 856 |
4 |
0 |
|n Юрайт
|g Электронная книга
|q html
|h ЮРАЙТ
|v 20251217
|2 Показать документ
|u https://urait.ru/bcode/543739
|
| 955 |
|
|
|a -
|
| 957 |
|
|
|a История отечественной литературы
|
| 957 |
|
|
|a История русской литературы
|
| 957 |
|
|
|a История русской/родной литературы
|
| 957 |
|
|
|a Литература Серебряного века
|
| 900 |
|
|
|l
|